000 00495nam a2200181Ia 4500
001 17447
005 20260306171518.0
008 260306s9999||||xx |||||||||||||| ||und||
041 _aESP
082 _a658
_bC265
100 _aConsejo Latinoamericano de Escuelas de Administración
_eAUT
245 0 _aAsamblea anual 2016:
_bla innovación en las escuelas de negocios
260 _c2016
300 _a248 páginas :
_c21 cm.
650 _aGEN
654 _aCAN
942 _cLIB
_dJUS
_fJUS
_2ddc
_n
999 _c17447
_d17447